<?xml version="1.0" encoding="UTF-8"?>
<record
    xmlns:xsi="http://www.w3.org/2001/XMLSchema-instance"
    xsi:schemaLocation="http://www.loc.gov/MARC21/slim http://www.loc.gov/standards/marcxml/schema/MARC21slim.xsd"
    xmlns="http://www.loc.gov/MARC21/slim">

  <leader>02745nam a2200469 i 4500</leader>
  <controlfield tag="001">21795</controlfield>
  <controlfield tag="003">FINmELB</controlfield>
  <controlfield tag="005">20241216213944.0</controlfield>
  <controlfield tag="006">m     o  u        </controlfield>
  <controlfield tag="007">cr cn|||||||||</controlfield>
  <controlfield tag="008">220131t20162016mx     fob    001 0 spa d</controlfield>
  <datafield tag="020" ind1=" " ind2=" ">
    <subfield code="z">9786074629163</subfield>
  </datafield>
  <datafield tag="020" ind1=" " ind2=" ">
    <subfield code="a">9786076281567</subfield>
    <subfield code="q">(e-book)</subfield>
  </datafield>
  <datafield tag="035" ind1=" " ind2=" ">
    <subfield code="a">(OCoLC)1105529729</subfield>
  </datafield>
  <datafield tag="040" ind1=" " ind2=" ">
    <subfield code="a">FINmELB</subfield>
    <subfield code="b">spa</subfield>
    <subfield code="e">rda</subfield>
    <subfield code="c">FINmELB</subfield>
  </datafield>
  <datafield tag="050" ind1=" " ind2="4">
    <subfield code="a">B1019.G284</subfield>
    <subfield code="b">U736 2016</subfield>
  </datafield>
  <datafield tag="082" ind1="0" ind2="4">
    <subfield code="a">M864.4</subfield>
    <subfield code="2">23</subfield>
  </datafield>
  <datafield tag="100" ind1="1" ind2=" ">
    <subfield code="a">Uranga, Emilio,</subfield>
    <subfield code="e">autor.</subfield>
  </datafield>
  <datafield tag="245" ind1="1" ind2="0">
    <subfield code="a">Algo m&#xE1;s sobre Jos&#xE9; Gaos :</subfield>
    <subfield code="b">seguido de una bibliohemerograf&#xED;a aproximada /</subfield>
    <subfield code="c">por Emilio Uranga ; advertencia, edici&#xF3;n y selecci&#xF3;n de Adolfo Casta&#xF1;&#xF3;n.</subfield>
  </datafield>
  <datafield tag="250" ind1=" " ind2=" ">
    <subfield code="a">Primera edici&#xF3;n.</subfield>
  </datafield>
  <datafield tag="264" ind1=" " ind2="1">
    <subfield code="a">Ciudad de M&#xE9;xico :</subfield>
    <subfield code="b">El Colegio de M&#xE9;xico,</subfield>
    <subfield code="c">2016.</subfield>
  </datafield>
  <datafield tag="264" ind1=" " ind2="4">
    <subfield code="c">&#xA9;2016</subfield>
  </datafield>
  <datafield tag="300" ind1=" " ind2=" ">
    <subfield code="a">1 recurso en l&#xED;nea (174 p&#xE1;ginas)</subfield>
  </datafield>
  <datafield tag="336" ind1=" " ind2=" ">
    <subfield code="a">texto</subfield>
    <subfield code="b">txt</subfield>
    <subfield code="2">rdacontent/spa</subfield>
  </datafield>
  <datafield tag="337" ind1=" " ind2=" ">
    <subfield code="a">computadora</subfield>
    <subfield code="b">c</subfield>
    <subfield code="2">rdamedia/spa</subfield>
  </datafield>
  <datafield tag="338" ind1=" " ind2=" ">
    <subfield code="a">recurso en l&#xED;nea</subfield>
    <subfield code="b">cr</subfield>
    <subfield code="2">rdacarrier/spa</subfield>
  </datafield>
  <datafield tag="490" ind1="1" ind2=" ">
    <subfield code="a">Colecci&#xF3;n Testimonios</subfield>
  </datafield>
  <datafield tag="504" ind1=" " ind2=" ">
    <subfield code="a">Incluye bibliograf&#xED;a: p&#xE1;ginas 149-168 e &#xED;ndice onom&#xE1;stico.</subfield>
  </datafield>
  <datafield tag="505" ind1="0" ind2="0">
    <subfield code="t">&#xCD;ndice --</subfield>
    <subfield code="t">Advertencia de Adolfo Casta&#xF1;&#xF3;n --</subfield>
    <subfield code="t">Escritos de Emilio Uranga --</subfield>
    <subfield code="t">Fil&#xF3;sofos y profesores de filosof&#xED;a --</subfield>
    <subfield code="t">Dos existencialismos --</subfield>
    <subfield code="t">Desilusi&#xF3;n y cinismo --</subfield>
    <subfield code="t">Por una filosof&#xED;a circunstancial y concreta --</subfield>
    <subfield code="t">El Heidegger de Gaos --</subfield>
    <subfield code="t">Advertencia de Gaos --</subfield>
    <subfield code="t">Carta de Emilio Uranga a Jos&#xE9; Gaos --</subfield>
    <subfield code="t">Cartas de Alemania [I] --</subfield>
    <subfield code="t">Cartas de Alemania [II] --</subfield>
    <subfield code="t">Trabajo de Emilio Uranga sobre la vocaci&#xF3;n filos&#xF3;fica, precedido de una carta a Jos&#xE9; Gaos --</subfield>
    <subfield code="t">Comentarios de Emilio Uranga --</subfield>
    <subfield code="t">38 --</subfield>
    <subfield code="t">Lo que sale de Heidegger --</subfield>
    <subfield code="t">Heidegger, hogar y cosmos --</subfield>
    <subfield code="t">Jos&#xE9; Gaos : personalidad y confesi&#xF3;n --</subfield>
    <subfield code="t">Gaos y la muerte --</subfield>
    <subfield code="t">En memoria de Jos&#xE9; Gaos --</subfield>
    <subfield code="t">Algo m&#xE1;s sobre Gaos --</subfield>
    <subfield code="t">Gaos y sus contrarios --</subfield>
    <subfield code="t">Sartre ha muerto --</subfield>
    <subfield code="t">Heidegger en M&#xE9;xico --</subfield>
    <subfield code="t">[Jos&#xE9; Gaos sobre Emilio Uranga] --</subfield>
    <subfield code="t">Bibliohemerograf&#xED;a aproximada de Emilio Uranga --</subfield>
    <subfield code="t">&#xCD;ndice onom&#xE1;stico.</subfield>
  </datafield>
  <datafield tag="588" ind1=" " ind2=" ">
    <subfield code="a">Descripci&#xF3;n basada en metadatos suministrados por el editor y otras fuentes.</subfield>
  </datafield>
  <datafield tag="590" ind1=" " ind2=" ">
    <subfield code="a">Recurso electr&#xF3;nico. Santa Fe, Arg.: elibro, 2022. Disponible v&#xED;a World Wide Web. El acceso puede estar limitado para las bibliotecas afiliadas a elibro.</subfield>
  </datafield>
  <datafield tag="600" ind1="1" ind2="4">
    <subfield code="a">Gaos, Jos&#xE9;, 1900-1969</subfield>
    <subfield code="x">Cr&#xED;tica e interpretaci&#xF3;n.</subfield>
  </datafield>
  <datafield tag="600" ind1="1" ind2="4">
    <subfield code="a">Gaos, Jos&#xE9;, 1900-1969</subfield>
    <subfield code="x">Correspondencia.</subfield>
  </datafield>
  <datafield tag="600" ind1="1" ind2="4">
    <subfield code="a">Uranga, Emilio</subfield>
    <subfield code="x">Correspondencia.</subfield>
  </datafield>
  <datafield tag="650" ind1=" " ind2="0">
    <subfield code="a">Philosophers</subfield>
    <subfield code="z">Mexico</subfield>
    <subfield code="x">Correspondence.</subfield>
  </datafield>
  <datafield tag="650" ind1=" " ind2="4">
    <subfield code="a">Fil&#xF3;sofos</subfield>
    <subfield code="z">M&#xE9;xico</subfield>
    <subfield code="x">Correspondencia.</subfield>
  </datafield>
  <datafield tag="655" ind1=" " ind2="4">
    <subfield code="a">Libros electr&#xF3;nicos.</subfield>
  </datafield>
  <datafield tag="700" ind1="1" ind2=" ">
    <subfield code="a">Casta&#xF1;&#xF3;n, Adolfo,</subfield>
    <subfield code="e">editor.</subfield>
  </datafield>
  <datafield tag="797" ind1="2" ind2=" ">
    <subfield code="a">elibro, Corp.</subfield>
  </datafield>
  <datafield tag="830" ind1=" " ind2="0">
    <subfield code="a">Colecci&#xF3;n Testimonios.</subfield>
  </datafield>
  <datafield tag="856" ind1="4" ind2="0">
    <subfield code="u">https://elibro.net/ereader/politecnicointernacional/195036</subfield>
  </datafield>
  <datafield tag="999" ind1=" " ind2=" ">
    <subfield code="c">21795</subfield>
    <subfield code="d">21795</subfield>
  </datafield>
</record>
